00619nam a2200181Ia 4500008004100000020001500041041001200056082001100068100001100079245006600090260004900156300000800205650000800213700001800221942000700239999001500246952017600261221030s9999 xx 000 0 und d a0852261500 aEnglish a105.23 aJ. Das 0aPrinciples of Digital Communicationcby J. Das, S. K. Mullick bNew Age International Pub.aNew Delhic1996 a645 aECE aS. K. Mullick cBK c9025d9025 pBE 10916g175.00l0o105.23 eGiftedr2024-06-13 00:00:00w2022-10-30yBK003Print4070aMIETLIBbMIETLIBcBL-Academic Block A, FL-1, CUP-0, SH-0, R-0d2010-11-1310HBE